000 01040cam a22002771 4500
001 9875806
005 20050508172026.0
008 720321s1966 nyu b 000 0 eng
010 _a 66016593
035 _a(OCoLC)268393
040 _aDLC
_cODaWU
_dOCoLC
_dDLC
041 1 _aengfre
042 _apremarc
050 0 0 _aHC502
_b.D86 1966
082 _a338.0967
100 1 _aDumont, René,
_d1904-
245 1 0 _aFalse start in Africa.
_cTranslated by Phyllis Nauts Ott. Introd. by Thomas Balogh. With an additional chapter by John Hatch.
260 _aNew York,
_bPraeger
_c[1966]
300 _a320 p.
_c23 cm.
500 _aTranslation of L'Afrique noire est mal partie.
504 _aBibliography: p. [318]-320.
651 0 _aAfrica, Sub-Saharan
_xEconomic conditions
_y1918-
906 _a7
_bcbc
_coclcrpl
_du
_encip
_f19
_gy-gencatlg
942 _2lcc
_cBK
999 _c28119
_d28119